00588nai a2200145Ia 4500003000900000008004100009022002300050040001600073245006400089260008600153310001300239362002100252521006900273856010000342IN-BaIIA211028c9999 xx s 000 0 eng d a2644-125X (Online) cIIA Library 0aIEEE Open Journal of the Communications Societyh[eJournal] aNew York, USAbThe Institute of Electrical and Electronics Engineers, Inc. (IEEE) aAnnually a1; 2020- Present bSubscribed through National Knowledge Resource Consortium (NKRC) uhttps://ieeexplore.ieee.org/xpl/RecentIssue.jsp?punumber=8782661yClick Here to Access eJournal